=LDR 00000nam 2200000 4500 =001 INLIS000000000014919 =005 20130612110213 =008 ***********************************Ind** =035 ##$$0010-061300000014919 =041 ##$$a Ind =082 ##$$a F813 =090 ##$$a F813, mih r =100 ##$$a Miharja Krisna =245 ##$$a Rja Jongrang, Krisna Mihardja =260 ##$$a 1999 $b Yogyakarta =300 ##$$a xi Hlm, Ilus, 20 Cm =650 ##$$a Fiksi Indonesai =850 ##$$a NBPNMAT